Štátny rozpočet 2018 a školstvo

Bibliographic Details
Format: Article
Language:Slovak
ISSN:1335-1796
Subjects:

MARC

LEADER 00000nab a2200000 4500
001 vtls011744502
003 SK-MaSNL
005 20260303082349.0
008 180302|2018 xo |||| || ||00 0|slo
015 |a SNBRB2018/03 
040 |e rda 
041 |a slo 
044 |a xo  |c SK 
072 7 |a 33  |x Ekonómia  |2 konspekt 
072 7 |a 37.09  |x Organizácia výučby a vzdelávanie  |2 konspekt 
080 |a 330.534.4  |2 2011 
080 |a 37.091  |2 2011 
245 0 0 |a Štátny rozpočet 2018 a školstvo 
336 |a text  |b txt  |2 rdacontent 
337 |a bez média  |b n  |2 rdamedia 
338 |a zväzok  |b nc  |2 rdacarrier 
650 0 7 |a štátny rozpočet  |2 snkbucl  |9 2364 
650 0 7 |a školstvo  |2 snkbucl  |9 19712 
773 0 |t Škola : časopis o manažovaní škôl a školských zariadení, ekonomických a právnych aspektoch ich prevádzky  |g Roč. XXII., č. 6 (2017), s. 2-8  |x 1335-1796 
787 0 8 |i Rec.: 
999 |c 1787688  |d 1789618